000 01400nam a2200229Ia 4500
999 _c37513
_d37513
001 3477
003 GE_BSU
005 20190620213358.0
008 181216s2009||||ge |||||||||||||| ||geo||
020 _a9789941014918
040 _cGE_BSU
041 _ageo
080 _a651.5 ჯ–27
100 _aჯაყელი, თამარ
_92711
245 _aსაქმიანი ქაღალდების წაკითხვა და შექმნა :
_bდამხმ. სახელმძღვ. სკოლის არაქართულენოვანი თანამშრომლებისათვის /
_cავტ.: თამარ ჯაყელი, მაია მელიქიძე ; რედ. ქეთევან დათუკიშვილი ; ეროვნ. სასწ. გეგმებისა და შეფასების ცენტრი.
264 _aთბილისი,
_c2009.
300 _a158 გვ.;
_b29 სმ.
653 _aსაქმიანი ქაღალდების შედგენა
700 _aმელიქიძე, მაია; დათუკიშვილი, ქეთევან
_eრედაქტორი
_92712
710 _a ეროვნ. სასწ. გეგმებისა და შეფასების ცენტრი
_92713
942 _cBK
_2udc